Top 10 least developed european countries - Statistics

General Stats
  • This quiz has been taken 75 times
  • The average score is 8 of 10
Answer Stats
HDI Answer % Correct
0,711 Moldova
94%
0,751 Ukraine
92%
0,791 Albania
89%
0,799 Serbia
87%
0,769 Bosnia and Herzegovina
86%
0,760 Armenia
63%
0,806 Turkey
63%
0,754 Azerbaijan
62%
0,786 Georgia
62%
0,759 FYROM
61%
No matching quizzes found
Score Distribution
Percent of People with Each Score
Percentile by Number Answered
Your Score History
You have not taken this quiz